[Event "Madrid Codes Memorial 7th"]
[Site "Madrid"]
[Date "2013.04.07"]
[Round "1"]
[White "Al Zarif Zabala, Bassam"]
[Black "Cortijo Manso, Luis"]
[Result "1-0"]
[WhiteElo "1797"]
[BlackElo "1520"]
[PlyCount "119"]
[EventDate "2013.04.07"]
[EventType "swiss"]
[EventRounds "9"]
[EventCountry "ESP"]
[SourceTitle "EXT 2014"]
[Source "ChessBase"]
[SourceDate "2013.11.20"]
[SourceVersion "1"]
[SourceVersionDate "2013.11.20"]
[SourceQuality "1"]

1. e4 c5 2. Nf3 d6 3. g3 Nf6 4. d3 e5 5. Bg2 Be7 6. 0-0 0-0 7. Nbd2 Nc6 8. c3 a6 9. Re1 b5 10. Nf1 Re8 11. h4 b4 12. Ne3 Be6 13. Ng5 Bd7 14. Nf5 Bf8 15. Qb3 Be6 16. Nxe6 Rxe6 17. Ne3 bxc3 18. bxc3 Re8 19. Nd5 Nxd5 20. Qxd5 Ne7 21. Qc4 Qb6 22. a4 Nc6 23. Be3 Na5 24. Qa2 Qb3 25. Qxb3 Nxb3 26. Rab1 Na5 27. Bf1 Nc6 28. Rb6 Nb8 29. Reb1 Nd7 30. Rb7 Rab8 31. Bh3 Rxb7 32. Rxb7 Nb8 33. Bg2 a5 34. Bh3 Rd8 35. Ra7 h6 36. Rxa5 Nd7 37. Rb5 Nf6 38. f3 Ra8 39. a5 Ne8 40. d4 cxd4 41. cxd4 Nc7 42. Rb7 Ne6 43. Bxe6 fxe6 44. Rb5 exd4 45. Bxd4 e5 46. Bb6 g5 47. Rb2 Kf7 48. Rc2 Ke6 49. Kf2 Be7 50. Ke3 Bd8 51. Bxd8 Rxd8 52. a6 Ra8 53. Ra2 Kd7 54. f4 gxf4+ 55. gxf4 exf4+ 56. Kxf4 Ke6 57. a7 Kf6 58. Ra6 Ke7 59. h5 Kd7 60. Kf5 1-0

[Event "Madrid San Viator op 19th"]
[Site "Madrid"]
[Date "2012.10.21"]
[Round "5"]
[White "Centeno Mateos, Domingo"]
[Black "Al Zarif Zabala, Bassam"]
[Result "0-1"]
[WhiteElo "1580"]
[BlackElo "1768"]
[PlyCount "106"]
[EventDate "2012.09.23"]
[EventType "swiss"]
[EventRounds "9"]
[EventCountry "ESP"]
[SourceTitle "EXT 2013"]
[Source "ChessBase"]
[SourceDate "2012.11.22"]
[SourceVersion "1"]
[SourceVersionDate "2012.11.22"]
[SourceQuality "1"]

1. e4 c5 2. Nf3 Nf6 3. d4 Nxe4 4. Bd3 Nf6 5. dxc5 Qa5+ 6. Bd2 Qxc5 7. Nc3 a6 8. 0-0 e6 9. Ne4 Nxe4 10. Bxe4 d5 11. Bd3 Bd6 12. c3 h6 13. Be3 Qc7 14. Rc1 Nc6 15. c4 dxc4 16. Rxc4 Qe7 17. Be4 Ne5 18. Nxe5 Bxe5 19. Qc2 0-0 20. Bc5 Bd6 21. Rd1 Bxc5 22. Rxc5 Rb8 23. Rc1 Qd8 24. a4 Bd7 25. Rd1 Qe8 26. b3 b5 27. axb5 Bxb5 28. Bc6 Bxc6 29. Rxc6 Rc8 30. Rc1 Rxc6 31. Qxc6 Qxc6 32. Rxc6 Rb8 33. Rc3 a5 34. g3 Rb4 35. Kg2 g5 36. h3 Kg7 37. f3 Kg6 38. Re3 a4 39. bxa4 Rxa4 40. Kf2 Ra2+ 41. Kg1 Rd2 42. Re4 Rd5 43. Kf2 Kf5 44. Ke3 Re5 45. g4+ Kf6 46. Kd4 Rxe4+ 47. fxe4 Ke7 48. Kc5 f6 49. Kc6 f5 50. gxf5 exf5 51. exf5 Kf6 52. Kd5 Kxf5 53. Kd4 Kf4 0-1

[Event "Collado Villalba op-B 29th"]
[Site "Collado Villalba"]
[Date "2012.08.26"]
[Round "3"]
[White "Pimienta Sanchez, Manuel"]
[Black "Al Zarif Zabala, Bassam"]
[Result "0-1"]
[WhiteElo "1890"]
[BlackElo "1778"]
[PlyCount "90"]
[EventDate "2012.08.24"]
[EventType "swiss"]
[EventRounds "9"]
[EventCountry "ESP"]
[SourceTitle "CBM 150 Extra"]
[Source "ChessBase"]
[SourceDate "2012.10.19"]
[SourceVersion "1"]
[SourceVersionDate "2012.10.19"]
[SourceQuality "1"]

1. d4 d5 2. c4 dxc4 3. Nc3 c6 4. a4 Nf6 5. e4 e5 6. dxe5 Qxd1+ 7. Kxd1 Ng4 8. Ke1 Nxe5 9. f4 Nd3+ 10. Bxd3 cxd3 11. Kd2 Bb4 12. Kxd3 0-0 13. Be3 Rd8+ 14. Kc2 Na6 15. Nge2 Bg4 16. h3 Bxe2 17. Nxe2 Bc5 18. Bxc5 Nxc5 19. Nc3 Ne6 20. Raf1 Nd4+ 21. Kb1 Rd7 22. Rd1 Rad8 23. g4 Ne2 24. Rxd7 Nxc3+ 25. bxc3 Rxd7 26. Kc2 Kf8 27. Rb1 Ke7 28. Rb4 c5 29. Rb5 Kd6 30. Rb1 Kc6 31. Rd1 Rxd1 32. Kxd1 c4 33. Kd2 b5 34. axb5+ Kxb5 35. g5 f6 36. h4 fxg5 37. fxg5 Kc5 38. Ke3 a5 39. e5 a4 40. e6 Kd6 41. Kd2 Kxe6 42. Kc2 Kd5 43. Kb2 Ke4 44. Ka3 Kd3 45. Kb4 a3 0-1

[Event "Madrid Codes op 6th"]
[Site "Madrid"]
[Date "2012.04.29"]
[Round "3.5"]
[White "Al Zarif Zabala, Bassam"]
[Black "Garrido Ariza, Javier"]
[Result "0-1"]
[WhiteElo "1753"]
[BlackElo "1807"]
[PlyCount "118"]
[EventDate "2012.04.15"]
[EventType "swiss"]
[EventRounds "9"]
[EventCountry "ESP"]
[SourceTitle "EXT 2024"]
[Source "ChessBase"]
[SourceDate "2023.10.10"]
[SourceVersion "1"]
[SourceVersionDate "2023.10.10"]
[SourceQuality "1"]

1. e4 c5 2. Ne2 Nc6 3. Nbc3 Nf6 4. d4 cxd4 5. Nxd4 g6 6. Be3 Bg7 7. Nb3 0-0 8. f3 a6 9. Qd2 Re8 10. 0-0-0 b5 11. g4 Ne5 12. Qf2 Rb8 13. h4 h5 14. g5 Nh7 15. Nd5 Bb7 16. Bb6 Qc8 17. Nc7 Rf8 18. Ba5 Nc6 19. Nd5 d6 20. Bh3 e6 21. Bc7 Rd8 22. Bxd8 Qxd8 23. Nf4 a5 24. Ne2 a4 25. Nbd4 b4 26. Nxc6 Bxc6 27. Nd4 Qb6 28. Rhf1 a3 29. b3 Nf8 30. Nxc6 Qxc6 31. Rd3 Nd7 32. Qd2 Nc5 33. Kb1 Nxd3 34. Qxd3 Qc3 35. Qxc3 Bxc3 36. Kc1 Rc8 37. Rd1 Be5 38. Bg2 Bf4+ 39. Kb1 Rc3 40. Rd3 Rxd3 41. cxd3 Bg3 42. d4 Bxh4 43. f4 Bg3 44. f5 Bf4 45. fxe6 fxe6 46. d5 exd5 47. exd5 Bxg5 48. Kc2 Kf7 49. Kd3 Kf6 50. Ke4 Bd2 51. Kd3 Bc3 52. Kc4 Bd2 53. Kd3 Bc3 54. Ke3 g5 55. Ke4 g4 56. Kf4 Be5+ 57. Ke3 Kg5 58. Ke4 h4 59. Bh1 h3 0-1

[Event "Madrid-ch Previa-A"]
[Site "Madrid"]
[Date "2012.02.21"]
[Round "8"]
[White "Jimenez Gonzalez, Marcos"]
[Black "Al Zarif Zabala, Bassam"]
[Result "1-0"]
[WhiteElo "1831"]
[BlackElo "1727"]
[PlyCount "71"]
[EventDate "2012.02.06"]
[EventType "swiss"]
[EventRounds "9"]
[EventCountry "ESP"]
[SourceTitle "CBM 147 Extra"]
[Source "ChessBase"]
[SourceDate "2012.04.24"]
[SourceVersion "1"]
[SourceVersionDate "2012.04.24"]
[SourceQuality "1"]

1. c4 b6 2. Nc3 Bb7 3. e4 e6 4. g3 Bb4 5. Nge2 f5 6. Bg2 Nf6 7. 0-0 fxe4 8. d3 0-0 9. dxe4 Nc6 10. a3 Be7 11. Qc2 Rb8 12. h3 a6 13. Be3 Ne5 14. b3 Ne8 15. f4 Nc6 16. e5 Na5 17. Ne4 d5 18. exd6 cxd6 19. b4 Nc6 20. Rfd1 Qc7 21. Rac1 Ba8 22. b5 Nd8 23. Qb3 a5 24. N2c3 Kh8 25. Na4 e5 26. fxe5 dxe5 27. c5 bxc5 28. Naxc5 Bxc5 29. Nxc5 Bxg2 30. Kxg2 Qf7 31. Qxf7 Rxf7 32. Na6 Ra8 33. b6 Nb7 34. Nc7 Nxc7 35. Rxc7 Nd8 36. Rxd8+ 1-0

[Event "Madrid-ch Previa-A"]
[Site "Madrid"]
[Date "2012.02.15"]
[Round "6"]
[White "Garcia Ruiz Fuentes, Angel Marcos"]
[Black "Al Zarif Zabala, Bassam"]
[Result "1/2-1/2"]
[WhiteElo "1846"]
[BlackElo "1727"]
[PlyCount "120"]
[EventDate "2012.02.06"]
[EventType "swiss"]
[EventRounds "9"]
[EventCountry "ESP"]
[SourceTitle "CBM 147 Extra"]
[Source "ChessBase"]
[SourceDate "2012.04.24"]
[SourceVersion "1"]
[SourceVersionDate "2012.04.24"]
[SourceQuality "1"]

1. e4 Nf6 2. e5 Nd5 3. d4 d6 4. Nf3 Bg4 5. Be2 Nc6 6. 0-0 e6 7. c4 Nb6 8. Nbd2 Be7 9. exd6 cxd6 10. b3 0-0 11. Bb2 Bf5 12. Rc1 Nb4 13. a3 Nd3 14. Bxd3 Bxd3 15. Re1 Bg6 16. Ne4 Nd7 17. d5 e5 18. c5 Bxe4 19. Rxe4 Nxc5 20. Re2 Qd7 21. Rxc5 dxc5 22. Nxe5 Qc7 23. Nc4 Bd6 24. Nxd6 Qxd6 25. Be5 Qd7 26. Rd2 Rfe8 27. Bg3 b6 28. h3 Re4 29. f3 Ree8 30. Kh2 Rad8 31. d6 Re6 32. a4 Rde8 33. Qc2 Rd8 34. Qd3 Rb8 35. Qc4 Ree8 36. b4 cxb4 37. Qxb4 Rbc8 38. Qd4 Rc5 39. Qf4 f6 40. Rd4 Ree5 41. Qd2 Re6 42. Qd3 g6 43. Qd2 Kg7 44. Bf4 g5 45. Bg3 h6 46. f4 Re8 47. fxg5 hxg5 48. Qd3 f5 49. Rd5 Rxd5 50. Qxd5 Kg6 51. h4 Rh8 52. Kg1 gxh4 53. Be5 Re8 54. Qd4 Re6 55. Kf2 Kg5 56. Qf4+ Kg6 57. Qd4 Re8 58. Kg1 Re6 59. Kf2 Kg5 60. Qf4+ Kg6 1/2-1/2

[Event "Madrid-ch Previa-A"]
[Site "Madrid"]
[Date "2012.02.13"]
[Round "4"]
[White "Garcia Martin, Juan Manuel"]
[Black "Al Zarif Zabala, Bassam"]
[Result "0-1"]
[WhiteElo "1894"]
[BlackElo "1727"]
[PlyCount "78"]
[EventDate "2012.02.06"]
[EventType "swiss"]
[EventRounds "9"]
[EventCountry "ESP"]
[SourceTitle "CBM 147 Extra"]
[Source "ChessBase"]
[SourceDate "2012.04.24"]
[SourceVersion "1"]
[SourceVersionDate "2012.04.24"]
[SourceQuality "1"]

1. d4 d5 2. Bf4 Nf6 3. e3 c5 4. Nc3 e6 5. Nf3 Qb6 6. Bxb8 Rxb8 7. Be2 c4 8. Rb1 Be7 9. 0-0 0-0 10. b3 Qa5 11. Na4 Bd7 12. Nb2 b5 13. Ne5 Rfd8 14. Nxd7 Nxd7 15. Ra1 Ba3 16. Qb1 Nf6 17. f3 Re8 18. Kf2 Nd7 19. Nd1 c3 20. b4 Bxb4 21. Qb3 a6 22. Rb1 Be7 23. Nxc3 Rec8 24. Nd1 Nb6 25. Bd3 Nc4 26. Bxc4 Rxc4 27. c3 Rbc8 28. Kg1 b4 29. cxb4 Rxb4 30. Qd3 Qxa2 31. Rxb4 Bxb4 32. Rf2 Qc4 33. Qb1 a5 34. Qa1 Qc1 35. Qxc1 Rxc1 36. Rf1 a4 37. e4 a3 38. Ne3 Rxf1+ 39. Kxf1 Bc3 0-1

[Event "San Sebastian de los Reyes op 13th"]
[Site "San Sebastian"]
[Date "2011.12.04"]
[Round "3"]
[White "Al Zarif Zabala, Bassam"]
[Black "Hernandez Ramos, Alberto"]
[Result "1-0"]
[WhiteElo "1701"]
[BlackElo "1430"]
[PlyCount "57"]
[EventDate "2011.12.02"]
[EventType "swiss"]
[EventRounds "9"]
[EventCountry "ESP"]
[SourceTitle "CBM 145 Extra"]
[Source "ChessBase"]
[SourceDate "2012.01.03"]
[SourceVersion "1"]
[SourceVersionDate "2012.01.03"]
[SourceQuality "1"]

1. e4 e6 2. Qe2 Be7 3. Nf3 Nf6 4. Nc3 d5 5. exd5 Nxd5 6. Ne4 Nc6 7. a3 0-0 8. d3 f5 9. Ng3 Bc5 10. Qd1 Re8 11. Be2 e5 12. 0-0 e4 13. dxe4 fxe4 14. Bc4 Nce7 15. Nxe4 Bb6 16. Bg5 c6 17. Re1 Kf8 18. Ne5 Bf5 19. Qf3 Kg8 20. Bb3 Bxe4 21. Qxe4 Bc5 22. c4 Nf6 23. Bxf6 gxf6 24. Qg4+ Ng6 25. Nxg6 hxg6 26. Qxg6+ Kh8 27. Rxe8+ Qxe8 28. Qxf6+ Kh7 29. Qf5+ 1-0

[Event "Madrid San Viator op 15th"]
[Site "Madrid"]
[Date "2010.09.26"]
[Round "1.1"]
[White "Acuna Celada, Ivan"]
[Black "Al Zarif Zabala, Bassam"]
[Result "1-0"]
[WhiteElo "2121"]
[BlackElo "1691"]
[PlyCount "55"]
[EventDate "2010.09.26"]
[EventType "swiss"]
[EventRounds "9"]
[EventCountry "ESP"]
[SourceTitle "EXT 2024"]
[Source "ChessBase"]
[SourceDate "2023.10.10"]
[SourceVersion "1"]
[SourceVersionDate "2023.10.10"]
[SourceQuality "1"]

1. e4 d5 2. d4 dxe4 3. Nc3 Nf6 4. f3 exf3 5. Nxf3 Bg4 6. h3 Bxf3 7. Qxf3 c6 8. Be3 e6 9. 0-0-0 Nbd7 10. Bg5 Be7 11. Bc4 Qc7 12. Kb1 0-0-0 13. g4 Nb6 14. Bb3 Rhf8 15. Bc1 h6 16. h4 Nfd5 17. Ne2 a5 18. a3 Qd7 19. c4 Nc7 20. Nc3 g5 21. hxg5 Bxg5 22. Bxg5 hxg5 23. Qf6 Rg8 24. Qe5 f5 25. Qxa5 Nba8 26. d5 exd5 27. cxd5 fxg4 28. d6 1-0

[Event "Parla op 25th"]
[Site "Parla"]
[Date "2010.09.12"]
[Round "9"]
[White "Al Zarif Zabala, Bassam"]
[Black "Cerrato Sampablo, Antonio"]
[Result "1-0"]
[WhiteElo "1675"]
[BlackElo "1621"]
[PlyCount "179"]
[EventDate "2010.09.04"]
[EventType "swiss"]
[EventRounds "9"]
[EventCountry "ESP"]
[SourceTitle "CBM 138 Extra"]
[Source "ChessBase"]
[SourceDate "2010.10.29"]
[SourceVersion "1"]
[SourceVersionDate "2010.10.29"]
[SourceQuality "1"]

1. b3 d5 2. Bb2 Bg4 3. Nf3 Nd7 4. h3 Bh5 5. e3 c6 6. Be2 Ngf6 7. d3 e6 8. Nbd2 Bd6 9. Rc1 Qe7 10. c4 0-0 11. 0-0 Ba3 12. Qc2 Bxb2 13. Qxb2 Bg6 14. Rfd1 Ne8 15. cxd5 exd5 16. d4 f5 17. Bd3 Bh5 18. Re1 Nd6 19. Nh2 Nf6 20. Nhf1 Nfe4 21. f3 Nxd2 22. Qxd2 Qg5 23. Qf2 Rae8 24. b4 Re7 25. a4 Rfe8 26. b5 f4 27. exf4 Qxf4 28. Red1 cxb5 29. axb5 Rf8 30. Kh1 Be8 31. Rc5 Ne4 32. Qc2 Nxc5 33. Qxc5 Rc7 34. Qxd5+ Bf7 35. Qe5 Bb3 36. Rb1 Bc4 37. Bxc4+ Rxc4 38. Qd5+ Qf7 39. Qe4 Rd8 40. Qe3 Rcxd4 41. Ng3 Qa2 42. Re1 Qd5 43. Ne4 Rd1 44. Rxd1 Qxd1+ 45. Kh2 Qd4 46. Qb3+ Qd5 47. Qa4 Qe5+ 48. Ng3 Qc5 49. Ne4 Qc7+ 50. Ng3 Qb6 51. Qc4+ Kh8 52. Ne4 h6 53. Qa4 Rd5 54. Qc4 Rxb5 55. Qc8+ Kh7 56. Qd7 Qg6 57. Qxb5 b6 58. Qa6 Qf7 59. Qd3 Qc7+ 60. Kg1 Kh8 61. Qd6 Qc1+ 62. Kh2 Qc8 63. Qa3 b5 64. Qxa7 b4 65. Qd4 Qb8+ 66. Kg1 b3 67. Qb2 Qb4 68. Kf2 Qc4 69. Ke1 Kg8 70. Nd2 Qc5 71. Qxb3+ Kh8 72. Qb8+ Kh7 73. Qb1+ Kh8 74. Qg6 Qg1+ 75. Ke2 Qd4 76. Qe4 Qg1 77. Qg4 Qc5 78. f4 Qe7+ 79. Kf1 Qe3 80. Nf3 Qc5 81. Qg3 Qc1+ 82. Ne1 Qc4+ 83. Kg1 Qe2 84. Kh2 Qh5 85. Nf3 Qf5 86. Qg4 Qf6 87. Qc8+ Kh7 88. Qg4 Kh8 89. Qh4 Qf5 90. Ne5 1-0

[Event "Parla op 25th"]
[Site "Parla"]
[Date "2010.09.06"]
[Round "3"]
[White "Martin Garcia, Francisco Javier"]
[Black "Al Zarif Zabala, Bassam"]
[Result "1/2-1/2"]
[WhiteElo "1578"]
[BlackElo "1675"]
[PlyCount "94"]
[EventDate "2010.09.04"]
[EventType "swiss"]
[EventRounds "9"]
[EventCountry "ESP"]
[SourceTitle "CBM 138 Extra"]
[Source "ChessBase"]
[SourceDate "2010.10.29"]
[SourceVersion "1"]
[SourceVersionDate "2010.10.29"]
[SourceQuality "1"]

1. d4 d5 2. Nf3 Nf6 3. g3 e6 4. Bg2 c5 5. 0-0 Nbd7 6. Nbd2 Be7 7. c4 a6 8. Re1 0-0 9. Qc2 cxd4 10. Nxd4 Rb8 11. cxd5 Nxd5 12. N2f3 Qb6 13. a3 N7f6 14. e4 Nc7 15. h3 Nb5 16. Be3 Nxd4 17. Nxd4 Qd8 18. Rad1 Bd7 19. Qb1 Rc8 20. Rc1 Qa5 21. Nb3 Qb5 22. Nd4 Qe5 23. f4 Qb8 24. g4 Rxc1 25. Rxc1 e5 26. Ne2 exf4 27. Bxf4 Bd6 28. Rf1 Bb5 29. Bxd6 Qxd6 30. Re1 Rd8 31. Nc3 Qd4+ 32. Kh1 Bd3 33. Qd1 Qb6 34. Qc1 h6 35. Rd1 Bb5 36. Rxd8+ Qxd8 37. Nxb5 axb5 38. e5 Nh7 39. Bxb7 Qd4 40. e6 fxe6 41. Qe1 e5 42. Qe2 Ng5 43. h4 Nh3 44. Qg2 Nf4 45. Qc2 Qd3 46. Qc8+ Kh7 47. Qf5+ Kg8 1/2-1/2

[Event "Madrid Villaverde op 13th"]
[Site "Madrid"]
[Date "2010.07.01"]
[Round "4"]
[White "Montero Montero, Juan Jose"]
[Black "Al Zarif Zabala, Bassam"]
[Result "1/2-1/2"]
[WhiteElo "1745"]
[BlackElo "1631"]
[PlyCount "69"]
[EventDate "2010.06.28"]
[EventType "swiss"]
[EventRounds "9"]
[EventCountry "ESP"]
[SourceTitle "EXT 2011"]
[Source "ChessBase"]
[SourceDate "2010.11.26"]
[SourceVersion "1"]
[SourceVersionDate "2010.11.26"]
[SourceQuality "1"]

1. e4 d5 2. exd5 Qxd5 3. Nc3 Qd6 4. d4 c6 5. Nf3 Nf6 6. h3 Bf5 7. Bd3 Bxd3 8. Qxd3 e6 9. 0-0 Nbd7 10. Ne4 Qc7 11. Nxf6+ Nxf6 12. c4 Be7 13. Be3 Rd8 14. Qb3 0-0 15. Qc2 c5 16. dxc5 Bxc5 17. Bxc5 Qxc5 18. Rfd1 Qc7 19. b3 h6 20. Qe2 Rfe8 21. Rxd8 Rxd8 22. Rd1 Rxd1+ 23. Qxd1 Qd7 24. Qxd7 Nxd7 25. Kf1 Kf8 26. Ke2 Ke7 27. Ke3 a5 28. a3 Kd6 29. b4 axb4 30. axb4 b6 31. Ke4 f5+ 32. Kd3 e5 33. Nd2 g5 34. g4 f4 35. Ke4 1/2-1/2

[Event "Madrid Villaverde op 13th"]
[Site "Madrid"]
[Date "2010.06.30"]
[Round "3"]
[White "Al Zarif Zabala, Bassam"]
[Black "Martin Espeja, Jorge Juan"]
[Result "0-1"]
[WhiteElo "1631"]
[BlackElo "1881"]
[PlyCount "118"]
[EventDate "2010.06.28"]
[EventType "swiss"]
[EventRounds "9"]
[EventCountry "ESP"]
[SourceTitle "EXT 2011"]
[Source "ChessBase"]
[SourceDate "2010.11.26"]
[SourceVersion "1"]
[SourceVersionDate "2010.11.26"]
[SourceQuality "1"]

1. b3 d5 2. Nf3 c5 3. e3 Nc6 4. Bb2 Nf6 5. Bb5 Bd7 6. c4 a6 7. cxd5 Nxd5 8. Bc4 Nf6 9. Ng5 e6 10. 0-0 Be7 11. Nc3 0-0 12. Nce4 h6 13. Nxf6+ Bxf6 14. Bxf6 Qxf6 15. Ne4 Qe7 16. Qh5 f5 17. Ng3 b5 18. Be2 Ne5 19. f4 Be8 20. Qh3 Nd7 21. Rfd1 Nf6 22. d4 cxd4 23. Rxd4 Rd8 24. Rad1 Rxd4 25. Rxd4 Nd5 26. Nf1 Qc5 27. Qf3 Bc6 28. Qf2 Nc3 29. Bf3 Be4 30. Bxe4 Nxe4 31. Qe2 Rc8 32. Qd3 Kh7 33. a4 Qc2 34. Qxc2 Rxc2 35. axb5 axb5 36. Rb4 Rc1 37. Rxb5 Nd2 38. g3 Rxf1+ 39. Kg2 Rb1 40. Re5 Rxb3 41. Rxe6 Nc4 42. e4 fxe4 43. Rxe4 Nd6 44. Re2 h5 45. Kh3 Nf5 46. Kg2 Ne3+ 47. Kf3 Ng4+ 48. Kg2 g6 49. Re7+ Kh6 50. Re2 Rc3 51. h3 Ne3+ 52. Kf2 Nf5 53. g4 Nd4 54. Re3 Rc2+ 55. Kg3 Ne2+ 56. Kf3 Ng1+ 57. Kg3 Ne2+ 58. Kf2 Nd4+ 59. Kg3 Rc3 0-1